Statistics for Largest Cities in Jamaica on a Map

Click here to take the quiz!

General Stats

  • This quiz has been taken 56 times
  • The average score is 5 of 10

Answers on the Map

Answers color-coded by a green-red scale on the quiz's map according to % correct below.
 

Answer Stats

Answer% Correct
Kingston
97%
Montego Bay
74%
Spanish Town
63%
Portmore
49%
May Pen
37%
Linstead
34%
Mandeville
31%
Old Harbour
31%
Savanna-la-Mar
31%
Half Way Tree
20%

Score Distribution

Percentile by Number Answered

Percent of People with Each Score

Your Score History

You have not taken this quiz